Statistics for word scramble fruit!

Click here to take the quiz!

General Stats

  • This quiz has been taken 20 times
  • The average score is 12 of 12

Answer Stats

Hint Answer % Correct
aleppapple
100%
gomanmango
100%
raeppear
100%
wikikiwi
100%
epargsgrapes
100%
nanabansbananas
100%
yrrebbuelblueberry
100%
ocirpatapricot
100%
odacoavavocado
100%
rricheescherries
95%
eniregnattangerine
89%
eheclylychee
68%

Score Distribution

Percentile by Number Answered

Percent of People with Each Score

Your Score History

You have not taken this quiz